| 000 | 00472nam a22001577a 4500 | ||
|---|---|---|---|
| 003 | BD-DhUL | ||
| 005 | 20170618133519.0 | ||
| 008 | 170618s1957 usa||||| |||| 00| 0 eng d | ||
| 040 |
_aBD-DhUL _bBD-DhUL _cBD-DhUL _dBD-DhUL |
||
| 082 |
_a016 _bDIR |
||
| 100 | _aMaccallister,William F. | ||
| 245 | 1 | 0 |
_a Directory Newspapers and periodicals 1957 / _cMaccallister,William F. |
| 260 |
_aphiladelphia : _bN.W.Ayer & Sons, _c1957. |
||
| 650 | 0 | 2 | _aperiodicals |
| 942 |
_2ddc _cREF |
||
| 999 |
_c209353 _d209353 |
||